Psychologie de la créativité (notice n° 1971636)

détails MARC
000 -LEADER
fixed length control field 01337cam a2200169 4500500
005 - DATE AND TIME OF LATEST TRANSACTION
control field 20260329040344.0
041 ## - LANGUAGE CODE
Language code of text/sound track or separate title fre
042 ## - AUTHENTICATION CODE
Authentication code dc
100 10 - MAIN ENTRY--PERSONAL NAME
Personal name Lubart, Todd
Relator term author
245 00 - TITLE STATEMENT
Title Psychologie de la créativité
260 ## - PUBLICATION, DISTRIBUTION, ETC.
Name of publisher, distributor, etc. Armand Colin,<br/>
Date of publication, distribution, etc. 2015.<br/>
520 ## - SUMMARY, ETC.
Summary, etc. Pièce centrale encore méconnue du fonctionnement humain, la créativité est sollicitée sitôt qu’il s’agit, dans la vie personnelle et professionnelle, de résoudre de nouveaux problèmes ou de s’adapter à l’environnement ; elle est un moteur essentiel de la croissance culturelle et économique, et nos sociétés la valorisent de plus en plus. Mais qu’en est-il de sa compréhension ? La psychologie s’est intéressée à la créativité avec des éclairages différents. Cet ouvrage apporte une synthèse de la littérature scientifique et offre des pistes de réflexion concernant l’Homo creativus. Il développe notamment une conception multivariée selon laquelle la créativité dépend d’une combinaison interactive de facteurs cognitifs, conatifs, émotionnels et environnementaux.
700 10 - ADDED ENTRY--PERSONAL NAME
Personal name Mouchiroud, Christophe
Relator term author
700 10 - ADDED ENTRY--PERSONAL NAME
Personal name Tordjman, Sylvie
Relator term author
700 10 - ADDED ENTRY--PERSONAL NAME
Personal name Zenasni, Franck
Relator term author
856 41 - ELECTRONIC LOCATION AND ACCESS
Uniform Resource Identifier <a href="https://shs.cairn.info/psychologie-de-la-creativite--9782200611620?lang=fr&redirect-ssocas=7080">https://shs.cairn.info/psychologie-de-la-creativite--9782200611620?lang=fr&redirect-ssocas=7080</a>

Pas d'exemplaire disponible.

PLUDOC

PLUDOC est la plateforme unique et centralisée de gestion des bibliothèques physiques et numériques de Guinée administré par le CEDUST. Elle est la plus grande base de données de ressources documentaires pour les Étudiants, Enseignants chercheurs et Chercheurs de Guinée.

Adresse

627 919 101/664 919 101

25 boulevard du commerce
Kaloum, Conakry, Guinée

Réseaux sociaux

Powered by Netsen Group @ 2025